000 00378nam a2200121Ia 4500
005 20251222152015.0
008 251222s9999||||xx |||||||||||||| ||spa||
020 _a978-84-932779-5-6
082 _a633.85/P18
100 _a"Pajarén Sotomayor, Manuel"
245 0 _aEl olivar ecolégico: Aprender a observar el olivar y comprender sus procesos vivos para cuidarlos
942 _cLIB
999 _c25066
_d25066